Statistiken für Auswanderungen Lettland

Klicken Sie hier um das Quiz zu spielen!

Allgemein

  • Dieses Quiz wurde 49 mal gespielt
  • Das Durchschnittsergebnis liegt bei 17 aus 20

Antwortstatistiken

PlatzLandAnzahl% Korrekt
14.Estland3.329
98%
18.Litauen2.300
98%
8.Russland18.979
98%
3.Deutschland40.480
95%
13.Spanien3.711
95%
15.Finnland3.232
93%
17.Frankreich2.602
93%
9.Norwegen11.723
93%
10.Schweden5.798
93%
2.Vereinigte Staaten99.035
93%
1.Vereinigtes Königreich124.000
90%
4.Kanada30.725
88%
11.Ukraine5.079
85%
16.Italien2.689
83%
20.Weißrussland1.549
83%
6.Australien20.509
80%
12.Dänemark3.799
78%
5.Brasilien25.000
75%
7.Irland19.933
63%
19.Usbekistan1.800
18%

Verteilung der Resultate

Perzentil nach korrekt beantworteten Fragen

Anzahl Personen mit jedem Resultat

Ihre Resultats-Entwicklung

Sie haben dieses Quiz noch nicht gespielt